Noddy tells a story / (Record no. 60062)

MARC details
000 -LEADER
fixed length control field 02507nam a22003377a 4500
005 - DATE AND TIME OF LATEST TRANSACTION
control field 20111228111134.0
010 ## - LCCN (DPL NO)
LC control number B-470836-846
020 ## - INTERNATIONAL STANDARD BOOK NUMBER
International Standard Book Number 9788128628917
Terms of availability 40.00
035 ## - SYSTEM CONTROL NUMBER
System control number B-470836-846
037 ## - SOURCE OF ACQUISITION
Source of stock number/acquisition Blue Berry/Ven
082 ## - DEWEY DECIMAL CLASSIFICATION NUMBER
Classification number S
100 ## - MAIN ENTRY--PERSONAL NAME
Personal name Blyton, Enid
245 ## - TITLE STATEMENT
Title Noddy tells a story /
Statement of responsibility, etc by Enid Blyton
260 ## - PUBLICATION, DISTRIBUTION, ETC. (IMPRINT)
Place of publication, distribution, etc Mumbai
Name of publisher, distributor, etc Euro Books
Date of publication, distribution, etc 2011
270 ## - ADDRESS
Address Dani Corporat e Park, First Floor, 158, Vidyanagari Marg, Kalina, Santacruz
City Mumbai
Postal code 400098
300 ## - PHYSICAL DESCRIPTION
Extent unpages
Other physical details ill.
Dimensions 20cm(pbk)
490 ## - SERIES STATEMENT
Series statement Nody
-- 52700
942 ## - ADDED ENTRY ELEMENTS (KOHA)
Source of classification or shelving scheme Dewey Decimal Classification
Item type Children Books
Call number suffix BLY
Classification part S
Holdings
Withdrawn status Lost status Not for loan Collection code Home library Current library Date acquired Source of acquisition Cost, normal purchase price Full call number Barcode Copy number Cost, replacement price Koha item type
      Fiction Bagh Kadhe Khan Bagh Kadhe Khan 27/09/2012 Blue Berry/IN8226/24.03.2012/43/20.03.2012/29.03.2012 40.00 S BLY B-470844 1 40.00 Children Books
      Fiction Bawana Bawana 27/09/2012 Blue Berry/IN8226/24.03.2012/43/20.03.2012/29.03.2012 40.00 S BLY B-470842 1 40.00 Children Books
      Fiction Bawana Bawana 27/09/2012 Blue Berry/IN8226/24.03.2012/43/20.03.2012/29.03.2012 40.00 S BLY B-470846 1 40.00 Children Books
      Fiction Central Jail Tihar Central Jail Tihar 27/09/2012 Blue Berry/IN8226/24.03.2012/43/20.03.2012/29.03.2012 40.00 S BLY B-470840 1 40.00 Children Books
      Fiction Janak Puri Janak Puri 27/09/2012 Blue Berry/IN8226/24.03.2012/43/20.03.2012/29.03.2012 40.00 S BLY B-470841 1 40.00 Children Books
      Fiction Kasturba Gandhi Marg Kasturba Gandhi Marg 27/09/2012 Blue Berry/IN8226/24.03.2012/43/20.03.2012/29.03.2012 40.00 S BLY B-470837 1 40.00 Children Books
      Fiction Narela Narela 27/09/2012 Blue Berry/IN8226/24.03.2012/43/20.03.2012/29.03.2012 40.00 S BLY B-470845 1 40.00 Children Books
  Written-off vide DLB M. No. 383 dt 16.05.19   Fiction New Rohtak Road New Rohtak Road 27/09/2012 Blue Berry/IN8226/24.03.2012/43/20.03.2012/29.03.2012 40.00 S BLY B-470843 1 40.00 Children Books
      Fiction Patel Nagar Patel Nagar 27/09/2012 Blue Berry/IN8226/24.03.2012/43/20.03.2012/29.03.2012 40.00 S BLY B-470836 1 40.00 Children Books
      Fiction Peshwa Road Peshwa Road 27/09/2012 Blue Berry/IN8226/24.03.2012/43/20.03.2012/29.03.2012 40.00 S BLY B-470838 1 40.00 Children Books
  Written-off vide DLB M. No. 383 dt 16.05.19   Fiction Tri Nagar Tri Nagar 27/09/2012 Blue Berry/IN8226/24.03.2012/43/20.03.2012/29.03.2012 40.00 S BLY B-470839 1 40.00 Children Books

© Delhi Public Library
Hit Counter
free hit counter